<?xml version="1.0" encoding="UTF-8"?>
<record
    xmlns:xsi="http://www.w3.org/2001/XMLSchema-instance"
    xsi:schemaLocation="http://www.loc.gov/MARC21/slim http://www.loc.gov/standards/marcxml/schema/MARC21slim.xsd"
    xmlns="http://www.loc.gov/MARC21/slim">

  <leader>01848cam a2200301 a 4500</leader>
  <controlfield tag="003">CO-ViMGA</controlfield>
  <controlfield tag="005">20230915233134.0</controlfield>
  <controlfield tag="008">911008s1990    mx a    r     00010 spa d</controlfield>
  <datafield tag="020" ind1=" " ind2=" ">
    <subfield code="a">9789585749566 (v. 1)</subfield>
  </datafield>
  <datafield tag="040" ind1=" " ind2=" ">
    <subfield code="a">CO-ViMGA</subfield>
    <subfield code="b">spa</subfield>
    <subfield code="c">CO-ViMGA</subfield>
  </datafield>
  <datafield tag="041" ind1="1" ind2=" ">
    <subfield code="h">eng</subfield>
  </datafield>
  <datafield tag="082" ind1="0" ind2="4">
    <subfield code="a">690.2 </subfield>
    <subfield code="b">B13c</subfield>
  </datafield>
  <datafield tag="100" ind1="1" ind2=" ">
    <subfield code="a">Bailey, H.</subfield>
    <subfield code="9">3537</subfield>
  </datafield>
  <datafield tag="245" ind1="1" ind2="0">
    <subfield code="a">Curso b&#xE1;sico de construcci&#xF3;n / </subfield>
    <subfield code="c">H. Bailey, D. W. Hancock ; versi&#xF3;n espa&#xF1;ola Carlos A. Garc&#xED;a Ferrer ; revisi&#xF3;n Jos&#xE9; de la Cera.</subfield>
  </datafield>
  <datafield tag="250" ind1=" " ind2=" ">
    <subfield code="a">edicion especial</subfield>
  </datafield>
  <datafield tag="260" ind1=" " ind2=" ">
    <subfield code="a">M&#xE9;xico : </subfield>
    <subfield code="b">Editorial Limusa, Noriega Editores, </subfield>
    <subfield code="c">2015.</subfield>
  </datafield>
  <datafield tag="300" ind1=" " ind2=" ">
    <subfield code="a">3 v. : </subfield>
    <subfield code="b">il. ; </subfield>
    <subfield code="c">27 cm.</subfield>
  </datafield>
  <datafield tag="490" ind1=" " ind2=" ">
    <subfield code="a">Limusa, Arquitectura y dise&#xF1;o</subfield>
  </datafield>
  <datafield tag="500" ind1=" " ind2=" ">
    <subfield code="a">Traducci&#xF3;n de : Brickwork and associated studies.</subfield>
  </datafield>
  <datafield tag="501" ind1=" " ind2=" ">
    <subfield code="a">En coleccion Volumen 1</subfield>
  </datafield>
  <datafield tag="505" ind1="0" ind2=" ">
    <subfield code="a">Chimeneas dom&#xE9;sticas, ductos para gases y humos, ca&#xF1;ones de chimeneas, equipos y accesorios; Muros de bloques y muros divisores. -- v.3. Revestimiento de edificios; Caracter&#xED;sticas decorativas y funcionales; Alba&#xF1;ileria reforzada; Construcci&#xF3;n de escalones; Drenaje; Andamiajes; Equipo para mantenimiento, modificaciones y reparaci&#xF3;n; Pavimentaci&#xF3;n; Cuantificaci&#xF3;n de materiales.</subfield>
  </datafield>
  <datafield tag="505" ind1="0" ind2=" ">
    <subfield code="a">v.1. Trazo y nivelaci&#xF3;n; Excavaci&#xF3;n y ademado; Concreto; Cimentaciones para muros y pilares; Ladrillos; Morteros; Herramientas del maestro alba&#xF1;il; Subestructuras. -- v.2 Pisos s&#xF3;lidos sobre el terreno; Enlaces o trabaz&#xF3;n de la alba&#xF1;ileria, aplicaciones; Construcci&#xF3;n de los muros; Eficiencia de la alba&#xF1;ileria; Construcci&#xF3;n de muros con cavidad; Puentes sobre las aberturas; Pilastras, Esquinas oblicuas; Muros de separaci&#xF3;n.</subfield>
  </datafield>
  <datafield tag="650" ind1="1" ind2="4">
    <subfield code="a">Construcci&#xF3;n.</subfield>
    <subfield code="v"> Manuales</subfield>
    <subfield code="9">3538</subfield>
  </datafield>
  <datafield tag="700" ind1="1" ind2=" ">
    <subfield code="a">Cera Alonso, Jos&#xE9; de la, </subfield>
    <subfield code="e">rev.</subfield>
    <subfield code="9">3541</subfield>
  </datafield>
  <datafield tag="700" ind1="1" ind2=" ">
    <subfield code="a">Garc&#xED;a Ferrer, Carlos Alberto, </subfield>
    <subfield code="e">tr.</subfield>
    <subfield code="9">3540</subfield>
  </datafield>
  <datafield tag="700" ind1="1" ind2=" ">
    <subfield code="a">Hancock, D. W.</subfield>
    <subfield code="9">3539</subfield>
  </datafield>
  <datafield tag="942" ind1=" " ind2=" ">
    <subfield code="2">ddc</subfield>
    <subfield code="c">BK</subfield>
  </datafield>
  <datafield tag="999" ind1=" " ind2=" ">
    <subfield code="c">35558</subfield>
    <subfield code="d">35558</subfield>
  </datafield>
  <datafield tag="952" ind1=" " ind2=" ">
    <subfield code="0">0</subfield>
    <subfield code="1">0</subfield>
    <subfield code="2">ddc</subfield>
    <subfield code="4">0</subfield>
    <subfield code="7">0</subfield>
    <subfield code="8">002</subfield>
    <subfield code="a">MEVIECAR</subfield>
    <subfield code="b">MEVIECAR</subfield>
    <subfield code="d">2016-06-28</subfield>
    <subfield code="l">1</subfield>
    <subfield code="o">690.2 B13c</subfield>
    <subfield code="p">30162</subfield>
    <subfield code="r">2018-02-20 00:00:00</subfield>
    <subfield code="s">2018-02-06</subfield>
    <subfield code="t">Ej. 1</subfield>
    <subfield code="w">2016-06-28</subfield>
    <subfield code="y">BK</subfield>
  </datafield>
  <datafield tag="952" ind1=" " ind2=" ">
    <subfield code="0">0</subfield>
    <subfield code="1">0</subfield>
    <subfield code="2">ddc</subfield>
    <subfield code="4">0</subfield>
    <subfield code="7">0</subfield>
    <subfield code="8">002</subfield>
    <subfield code="a">MEVIECAR</subfield>
    <subfield code="b">MEVIECAR</subfield>
    <subfield code="d">2016-06-28</subfield>
    <subfield code="l">0</subfield>
    <subfield code="o">690.2 B13c</subfield>
    <subfield code="p">02581</subfield>
    <subfield code="r">2016-07-30 00:00:00</subfield>
    <subfield code="t">Ej. 1</subfield>
    <subfield code="w">2016-07-30</subfield>
    <subfield code="y">BK</subfield>
  </datafield>
  <datafield tag="952" ind1=" " ind2=" ">
    <subfield code="0">0</subfield>
    <subfield code="1">0</subfield>
    <subfield code="2">ddc</subfield>
    <subfield code="4">0</subfield>
    <subfield code="7">0</subfield>
    <subfield code="8">002</subfield>
    <subfield code="a">MEVIECAR</subfield>
    <subfield code="b">MEVIECAR</subfield>
    <subfield code="d">2016-06-28</subfield>
    <subfield code="l">1</subfield>
    <subfield code="o">690.2 B13c</subfield>
    <subfield code="p">0257</subfield>
    <subfield code="r">2018-02-20 00:00:00</subfield>
    <subfield code="s">2018-02-06</subfield>
    <subfield code="t">Ej. 1</subfield>
    <subfield code="w">2016-07-30</subfield>
    <subfield code="y">BK</subfield>
  </datafield>
  <datafield tag="952" ind1=" " ind2=" ">
    <subfield code="0">0</subfield>
    <subfield code="1">0</subfield>
    <subfield code="2">ddc</subfield>
    <subfield code="4">0</subfield>
    <subfield code="7">0</subfield>
    <subfield code="8">002</subfield>
    <subfield code="a">MEVIECAR</subfield>
    <subfield code="b">MEVIECAR</subfield>
    <subfield code="d">2016-06-28</subfield>
    <subfield code="l">0</subfield>
    <subfield code="o">690.2 B13c</subfield>
    <subfield code="p">030162</subfield>
    <subfield code="r">2017-04-29 00:00:00</subfield>
    <subfield code="t">Ej. 3</subfield>
    <subfield code="w">2017-04-29</subfield>
    <subfield code="y">BK</subfield>
  </datafield>
</record>
